000 00948nam a22002537a 4500
001 7882
003 FISKH
005 20250813085944.0
008 250813b cb ||||| |||| 00| 0 eng d
040 _aFISKH
_beng
_cFISKH
_dFISKH
050 _aPZ7.M64
082 _a823.912
100 _aMilne, A. A.
245 _aChristopher Robin leads an expotition /
_cWith Decorations by Ernest H. Shepard
260 _aNew York :
_bDutton Children's Books,
_c1926.
300 _a32 unnumbered pages :
_bcolor illustrations ;
_c20 cm
505 _aK
520 _aGoing on an "expotition" to discover the North Pole is a grand idea, even if no one is sure what the North Pole looks like. But no matter, with provisions to eat and songs to sing, a good time is had by all.
521 8 _a510
_bLexile estimate
521 8 _aK
_bRaz-Plus
650 _aWinnie the Pooh
_vPicture Book
_xChristopher Robin
942 _2ddc
_cBK
_n0
999 _c7882
_d7882